000
00272cam a2200121ua 4500
003
OSt
008
221105b |||||||| |||| 00| 0 eng d
041
_a
eng
082
_a
331.125
_b
MUK/LA
100
_a
Radhakamal mukerje .
_9
5297
245
_a
Labour and planning
942
_c
BK
999
_c
8512
_d
8512